| 000 | 00572nam a22001937a 4500 | ||
|---|---|---|---|
| 005 | 20251108173259.0 | ||
| 008 | 250721s2005 xx 000 0 ara d | ||
| 082 | 1 | 4 | _a152.4/ أوش |
| 100 | 1 | _aأوشو، | |
| 245 | 1 | 0 | _aالشجاعة / |
| 264 | 1 |
_aبيروت : _bشركة المطبوعات للنشر والتوزيع، _c2005. |
|
| 300 | _a142ص | ||
| 650 | 1 | 7 | _aعلم النفس الانفعالي |
| 653 | _aالشجاعة | ||
| 700 | 1 |
_aنور، مريم _eed. |
|
| 700 | 1 |
_aالغزال، دورا شمس _etran. |
|
| 942 |
_2ddc _cBK |
||
| 999 |
_c100233 _d100233 |
||